Nová ekonómia pre každého - marketing, manažment, ekonomika Študijný text č. 14 Nákup a riadenie zásob

Bibliographic Details
Main Author: Majtán, Štefan, 1950- (Author)
Format: Book
Language:Slovak
PhysicalDescription:82 s. grafy, ilustr., tab. 21 cm
Published: Bratislava Ekonóm 2001
ISBN:8022514632
Edition:3. dopl. vyd.
Subjects:

MARC

LEADER 00000nam a2200000 a 4500
001 vtls001425674
003 SK-MaSNL
005 20260301202603.0
008 240226s2001 xo aap r 000 0 slo
015 |a SNBA2003/02-00581 
020 |a 8022514632  |q (brožované) 
035 |a SNK000380583 
035 |a urn:nbn:sk:snk-amknre 
035 |a urn:nbn:sk:snk-am003bt7 
035 |a 9A0DFF25-D197-4D9D-84BC-CA1A73ADAAD8 
040 |a SNK  |b slo  |c SNK  |e AACR2 
041 0 |a slo 
044 |a xo  |c SK 
072 7 |a 33  |x Ekonómia  |2 konspekt 
080 |a 330.123.3  |2 2011 
080 |a (075)  |2 2011 
100 1 |a Majtán, Štefan,  |d 1950-  |4 aut  |9 201904 
245 1 0 |a Nová ekonómia pre každého - marketing, manažment, ekonomika  |n Študijný text č. 14  |p Nákup a riadenie zásob  |c Štefan Majtán 
246 3 0 |a Nákup a riadenie zásob 
250 |a 3. dopl. vyd. 
260 |a Bratislava  |b Ekonóm  |c 2001 
300 |a 82 s.  |b grafy, ilustr., tab.  |c 21 cm 
500 |a Názov z obalu 
500 |a Vydané pre Centrum ďalšieho vzdelávania EU v Bratislave 
504 |a Bibliogr. s. 82 
650 0 7 |a ekonomika  |2 SNKPH  |9 789 
650 0 7 |a zásoby (ekonómia)  |2 SNKPH  |9 162631 
650 0 7 |a riadenie zásob  |2 SNKPH  |9 409672 
655 7 |a učebnice  |2 SNKPH  |9 22521 
710 2 |a Ekonomická univerzita v Bratislave.  |b Centrum ďalšieho vzdelávania  |4 pbl  |9 34893 
919 |a 80-225-1463-2 
958 |a TL 
958 |a NB 
958 |a UV 
999 |c 899375  |d 901305 
952 |t P60, <03>, [BOOK], {603}  |a SNK  |b SNK  |y PREZ  |7 0  |p 17A0326050  |o snkSC 106811  |i snkKSP 13896/2001  |0 0  |1 0  |4 0  |d 2001-12-14  |f 1  |l 0  |r 2025-09-26 00:00:00  |w 2026-02-24 
952 |t P60, <04>, [BOOK], {604}  |a SNK  |b SNK  |y VYP  |7 0  |p 17A0326052  |o snkSC 106811 D1  |i snkKSP 13897/2001  |0 0  |1 0  |4 0  |d 2001-12-14  |l 0  |r 2005-01-02 00:00:00  |w 2026-02-24